000 00676cam a2200229 4500500
005 20260329003800.0
041 _afre
042 _adc
100 1 0 _aPortevin, Catherine
_eauthor
245 0 0 _aTimothy Snyder. Un nouvel Holocauste est-il possible ?
260 _c2017.
500 _a10
690 _aAntisémitisme
690 _aHannah Arendt
690 _aHitler
690 _aHolocauste
690 _aNazisme
690 _aShoah
690 _aTimothy Snyder
786 0 _nPhilosophie magazine | 106 | 2 | 2017-02-01 | p. 22-23 | 1951-1787
856 4 1 _uhttps://shs.cairn.info/magazine-philosophie-magazine-2017-2-page-22?lang=fr&redirect-ssocas=7080
999 _c1827646
_d1827646